000 01185nas a2200277Ia 4500
001 R065/E8159
003 IT-RoPAU
008 151124c99999999xx |||||||||||| ||und||
040 _aIT-RoPAU
040 _cIT-RoPAU
041 _aITALIANO
100 _aRepetto Monica
_gCodice Aut. SPICS: 49276
210 _aRAGAZZO SELVAGGIO (IL)
222 _aRagazzo Selvaggio (Il)
245 _aRAGAZZO SELVAGGIO (IL), NUOVA SERIE, ANNO 13-N.3 (MAGGIO/GIUGNO 1997)
_bImmagine Del Bambino Nel Cinema Contemporaneo Fra Occidente E Oriente (L')
250 _a1a ed.
260 _aBERGAMO
_bMORETTI & VITALI
_c1997
501 _bPaulus - SPICS - Società San Paolo EM (non-commercial uses only)
_cCopyright2015
300 _a13 p. [9-21]
362 _aANNO 013, N.03 (MAGGIO/GIUGNO 1997)
500 _aFrantumi D'Infanzia nel Cinema dell'Ovest: Morte di Bambini, Suicidi di Bambini, Erotismi Infantili, a Misura di Bambino, Bambino Immaginario O Reale?, Bambini che Seminano Morte. Bambino della Storia: Bambini nel Cinema Nonoccidentale, Bambini nel Cinema
650 _aCINEMA
_vPUBBLICAZIONE PERIODICA
700 _aCauso Massimo
700 _gCodice Aut. SPICS: 22994
942 _cCR
999 _c131934
_d131934